000 00439nam a2200157Ia 4500
008 200103s9999||||xx |||||||||||||| ||und||
020 _a8186270019
040 _aIMU-MPC
082 _aColumn-57
100 _aBanwait, S. S. and Laroiya, S. C.
245 0 _aProperties of Refrigerant and Psychrometric: Tables and Charts in S. I. Units
250 _a1st Ed.
260 _bBirla Publications, Delhi
_c1995
300 _a57
942 _cBK
999 _c10743
_d10743